Investigaciones retóricas (Record no. 30525)

MARC details
000 -LEADER
campo de control de longitud fija 00581nam a2200169 i 4500
001 - NÚMERO DE CONTROL
campo de control 30525
003 - IDENTIFICADOR DE NÚMERO DE CONTROL
campo de control ES-MaACL
007 - CAMPO FIJO DE DESCRIPCIÓN FÍSICA--INFORMACIÓN GENERAL
campo de control de longitud fija t|
008 - DATOS DE LONGITUD FIJA--INFORMACIÓN GENERAL
campo de control de longitud fija 030124s1974 ag ||||1| spa d
100 1# - ENTRADA PRINCIPAL--NOMBRE DE PERSONA
Nombre de persona Barthes, Roland.
9 (RLIN) 26125
245 10 - MENCIÓN DEL TÍTULO
Título Investigaciones retóricas
Resto del título : . I. La Antigua retórica : Ayudamemoria /
Mención de responsabilidad, etc. Ronald Barthes ; [traducción Beatriz Dorriots].
260 ## - PUBLICACIÓN, DISTRIBUCIÓN, ETC.
Lugar de publicación, distribución, etc. [Buenos Aires] :
Nombre del editor, distribuidor, etc. Tiempo Contemporáneo,
Fecha de publicación, distribución, etc. [1974]
300 ## - DESCRIPCIÓN FÍSICA
Extensión 80 p. ;
Dimensiones 22 cm.
700 1# - ENTRADA AGREGADA--NOMBRE PERSONAL
Nombre de persona Dorriots, Beatriz.
9 (RLIN) 45430
740 3# - ENTRADA AGREGADA--TÍTULO RELACIONADO/ANALÍTICO NO CONTROLADO
Título relacionado o analítico no controlado La antigua retórica : ayudamemoria.
852 ## - LOCALIZACIÓN
Ubicación ES-MaACL
Número de control de estantería E-8569
Sublocalización o colección R.93074
Holdings
Estatus retirado Estado de pérdida Estado de daño No para préstamo Biblioteca de origen Biblioteca actual Ubicación en estantería Fecha de adquisición Fuente de adquisición Total de préstamos Signatura topográfica completa Código de barras Visto por última vez Precio de reemplazo Tipo de ítem Koha
        Biblioteca del Ateneo de Madrid Biblioteca del Ateneo de Madrid Depósito 2 17/01/2008     E-8569 1031522 23/02/2023 23/02/2023 Libro impreso